000 00291nam a22001337a 4500
008 170601b xxu||||| |||| 00| 0 eng d
020 _a9780760758670
041 _aeng
080 _a93
100 _a17
101 _aSHH
245 _aTHE OUTLINE OF HISTORY
_cWELLS, H.G
942 _2udc
_cBK
999 _c15222
_d15222